[Event "Mecklenburg VP Verbandsliga 2223"]
[Site "Mecklenburg VP"]
[Date "2023.01.15"]
[Round "5.5"]
[White "Bramhoff, Jakob"]
[Black "Goertz, Frank"]
[Result "1-0"]
[WhiteElo "1659"]
[BlackElo "1778"]
[PlyCount "69"]
[EventDate "2022.10.23"]
[EventType "team-tourn"]
[EventRounds "9"]
[EventCountry "GER"]
[SourceTitle "EXT 2024"]
[Source "ChessBase"]
[SourceDate "2023.10.10"]
[SourceVersion "1"]
[SourceVersionDate "2023.10.10"]
[SourceQuality "1"]
[WhiteTeam "Stralsund HSG"]
[BlackTeam "Schwerin SF II"]
[WhiteTeamCountry "GER"]
[BlackTeamCountry "GER"]

1. e4 e6 2. d4 d5 3. Nc3 Bb4 4. e5 c5 5. a3 Bxc3+ 6. bxc3 Qc7 7. Qg4 Ne7 8. Bd2 Nbc6 9. Nf3 Bd7 10. Qxg7 Rg8 11. Qxh7 0-0-0 12. Qd3 Rg4 13. Ng5 Nxe5 14. dxe5 Qxe5+ 15. Kd1 Rxg5 16. Bxg5 Qxg5 17. Qe3 Qg4+ 18. f3 Qa4 19. Qxc5+ Nc6 20. Qb5 Qf4 21. Rb1 Qc7 22. Qc5 Kb8 23. h4 e5 24. Kc1 d4 25. cxd4 exd4 26. Bd3 Qf4+ 27. Kd1 Re8 28. Ba6 Nd8 29. Qb4 Bc6 30. Re1 Rg8 31. Qe7 d3 32. Bxd3 Ne6 33. Re2 Qd4 34. Qxf7 Rc8 35. Rxe6 1-0

[Event "Mecklenburg VP Verbandsliga 2223"]
[Site "Mecklenburg VP"]
[Date "2022.11.27"]
[Round "3.5"]
[White "Bramhoff, Jakob"]
[Black "Walz, Fabian"]
[Result "1-0"]
[WhiteElo "1659"]
[BlackElo "1342"]
[PlyCount "95"]
[EventDate "2022.10.23"]
[EventType "team-tourn"]
[EventRounds "9"]
[EventCountry "GER"]
[SourceTitle "EXT 2024"]
[Source "ChessBase"]
[SourceDate "2023.10.10"]
[SourceVersion "1"]
[SourceVersionDate "2023.10.10"]
[SourceQuality "1"]
[WhiteTeam "Stralsund HSG"]
[BlackTeam "Rostock SSC 07"]
[WhiteTeamCountry "GER"]
[BlackTeamCountry "GER"]

1. e4 c6 2. d4 d5 3. f3 e6 4. Bf4 Nf6 5. e5 Nfd7 6. Nd2 c5 7. c3 Qb6 8. Qb3 Nc6 9. Be3 cxd4 10. Qxb6 Nxb6 11. cxd4 Bb4 12. Rc1 Bd7 13. f4 Na5 14. Ngf3 Nac4 15. Kf2 Bxd2 16. Bxd2 Nxb2 17. Rc7 Bc6 18. Ng5 Nd7 19. Bb4 h6 20. Nf3 Na4 21. Bd3 Kd8 22. Bd6 Nab6 23. Rc1 Rc8 24. Rxc8+ Nxc8 25. Bb4 Kc7 26. f5 Nf8 27. g4 Kd7 28. Nd2 Ne7 29. Nb3 b6 30. Bxe7 h5 31. g5 exf5 32. Bxf8 Rxf8 33. Bxf5+ Kc7 34. Bd3 Kd7 35. Ke3 f6 36. gxf6 gxf6 37. Rf1 Ke6 38. Rxf6+ Rxf6 39. exf6 Kxf6 40. Kf4 a5 41. Nd2 b5 42. h4 Be8 43. Nb3 a4 44. Nc5 b4 45. Bc2 b3 46. axb3 a3 47. Bb1 Bg6 48. Ba2 1-0

[Event "Mecklenburg VP Verbandsliga 2223"]
[Site "Mecklenburg VP"]
[Date "2022.10.23"]
[Round "1.4"]
[White "Gazizov, Max"]
[Black "Bramhoff, Jakob"]
[Result "1/2-1/2"]
[WhiteElo "1689"]
[BlackElo "1659"]
[PlyCount "80"]
[EventDate "2022.10.23"]
[EventType "team-tourn"]
[EventRounds "9"]
[EventCountry "GER"]
[SourceTitle "EXT 2024"]
[Source "ChessBase"]
[SourceDate "2023.10.10"]
[SourceVersion "1"]
[SourceVersionDate "2023.10.10"]
[SourceQuality "1"]
[WhiteTeam "Think Rochade"]
[BlackTeam "Stralsund HSG"]
[WhiteTeamCountry "GER"]
[BlackTeamCountry "GER"]

1. d4 Nf6 2. c4 e6 3. Nc3 Bb4 4. Qc2 c5 5. a3 Qa5 6. axb4 Qxa1 7. bxc5 Nc6 8. Qd2 Nxd4 9. Qxd4 Qxc1+ 10. Nd1 0-0 11. e3 b6 12. Bd3 Qa1 13. cxb6 Qa5+ 14. Nc3 axb6 15. Nge2 Bb7 16. 0-0 d5 17. Ng3 dxc4 18. Qxc4 Ba6 19. Nb5 Rfc8 20. Qb3 Rc5 21. Nd4 Bxd3 22. Qxd3 Rd5 23. Qb1 Qa2 24. Qc1 Rc5 25. Qd2 Rd8 26. Qe2 h5 27. h4 Rcd5 28. Rc1 Rc5 29. Re1 Rdc8 30. Qd2 g6 31. e4 Rd8 32. e5 Ng4 33. Nxh5 Kh7 34. Qf4 Rxd4 35. Qxf7+ Kh6 36. Nf4 Nxe5 37. Rxe5 Qb1+ 38. Kh2 Rxe5 39. Qf8+ Kh7 40. Qf7+ Kh6 1/2-1/2